000 00604nam a2200157 a 4500
008 120416s1994 ||||||||||||||||| || u
050 _aIBRD(08)DP
100 _aKelley, Allen C
245 1 0 _aPopulation and income change: recent evidence
260 _aWashington, D. C.
_bWorld Bank
_c1994
300 _axii, 116p. : ill.
350 _a0.00
490 _aWorld Bank Discussion Papers
650 _aINCOME--ECONOMIC MODELS: POPULATION--ECONOMETRIC MODELS
995 _D0.00
_FCBU-MAIN LIBRARY (Kitwe)
_H1
_I0.00
_M1
_UAVAILABLE
_ZInternational Publications
999 _c54001
_d54001